[Event "Budapest FS11 FM"]
[Site "Budapest"]
[Date "2023.11.13"]
[Round "9"]
[White "Szabo, Miklos Istvan"]
[Black "Szlenka, Attila"]
[Result "1-0"]
[WhiteElo "1332"]
[BlackElo "1501"]
[PlyCount "89"]
[EventDate "2023.11.04"]
[EventType "tourn"]
[EventRounds "10"]
[EventCountry "HUN"]
[SourceTitle "EXT 2025"]
[Source "ChessBase"]
[SourceDate "2024.10.14"]
[SourceVersion "1"]
[SourceVersionDate "2024.10.14"]
[SourceQuality "1"]

1. d4 Nf6 2. c4 g6 3. Nc3 Bg7 4. e4 d6 5. Be2 0-0 6. Nf3 Nc6 7. 0-0 e5 8. d5 Ne7 9. Qc2 Nh5 10. a3 h6 11. Nh4 Nf4 12. Bxf4 exf4 13. b4 g5 14. Nf3 Ng6 15. Rfd1 f5 16. Bd3 g4 17. Ne1 Ne5 18. Bf1 Qf6 19. Rac1 Bd7 20. Nd3 Qg5 21. c5 Rac8 22. Qd2 f3 23. g3 Qf6 24. Nf4 Qf7 25. Qa2 h5 26. Ne6 Rfe8 27. Nxg7 Kxg7 28. h4 f4 29. Qd2 fxg3 30. fxg3 Qf6 31. Qf2 a6 32. Rd2 Rf8 33. Rdc2 Ng6 34. c6 bxc6 35. Bxa6 Ra8 36. b5 c5 37. a4 Qe5 38. Bb7 Rab8 39. Bc6 Bc8 40. a5 Nxh4 41. a6 Ng2 42. a7 Rb7 43. a8Q h4 44. Ne2 h3 45. Bxb7 1-0

[Event "Budapest FS11 FM"]
[Site "Budapest"]
[Date "2023.11.05"]
[Round "2"]
[White "Bacsi, Andras"]
[Black "Szabo, Miklos Istvan"]
[Result "1-0"]
[WhiteElo "1662"]
[BlackElo "1332"]
[PlyCount "35"]
[EventDate "2023.11.04"]
[EventType "tourn"]
[EventRounds "10"]
[EventCountry "HUN"]
[SourceTitle "EXT 2025"]
[Source "ChessBase"]
[SourceDate "2024.10.14"]
[SourceVersion "1"]
[SourceVersionDate "2024.10.14"]
[SourceQuality "1"]

1. e4 c5 2. Nf3 d6 3. d4 cxd4 4. Nxd4 Nf6 5. Nc3 g6 6. Be2 Bg7 7. 0-0 0-0 8. Be3 Nc6 9. Qd2 Bg4 10. f3 Bd7 11. Rac1 Rc8 12. Kh1 a6 13. a4 Ne5 14. f4 Neg4 15. Bg1 e5 16. Nb3 exf4 17. Qxf4 Qa5 18. Nxa5 1-0

[Event "Budapest FS11 FM-B"]
[Site "Budapest"]
[Date "2014.11.08"]
[Round "7"]
[White "Alkire, Brian James"]
[Black "Szabo, Miklos Istvan"]
[Result "1-0"]
[WhiteElo "1613"]
[BlackElo "1332"]
[PlyCount "129"]
[EventDate "2014.11.01"]
[EventType "tourn"]
[EventRounds "9"]
[EventCountry "HUN"]
[SourceTitle "EXT 2015"]
[Source "ChessBase"]
[SourceDate "2014.11.20"]
[SourceVersion "1"]
[SourceVersionDate "2014.11.20"]
[SourceQuality "1"]

1. d4 d5 2. c4 e6 3. Nc3 Nf6 4. cxd5 exd5 5. Bg5 c6 6. Qc2 Be7 7. e3 Bg4 8. h3 Bh5 9. Bd3 Bg6 10. Bxg6 hxg6 11. Nf3 Nbd7 12. 0-0 Qc7 13. Rab1 a5 14. a3 0-0 15. Rfe1 Rfe8 16. b4 axb4 17. axb4 Bd6 18. Rec1 Rec8 19. Qb3 Qd8 20. b5 Ra3 21. Qb2 Qa5 22. bxc6 Rxc6 23. Nb5 Qb6 24. Rxc6 bxc6 25. Nxd6 Qxb2 26. Rxb2 Ra1+ 27. Kh2 Kf8 28. Bxf6 gxf6 29. Nb7 Rc1 30. Ra2 Nb6 31. Nc5 Kg7 32. Ra6 Rb1 33. g4 g5 34. Ra7 Kg6 35. Rc7 Rb2 36. Kg3 Nc4 37. Rxc6 Rc2 38. h4 gxh4+ 39. Nxh4+ Kg7 40. Nf5+ Kg6 41. Ne7+ Kg7 42. Nxd5 Nd2 43. Rxf6 Nf1+ 44. Kh4 Nd2 45. g5 Nc4 46. Ne7 Nxe3 47. fxe3 Kf8 48. Nf5 Rh2+ 49. Kg3 Rh5 50. Kg4 Rh1 51. Rc6 Kg8 52. Rh6 Rg1+ 53. Kf4 Rf1+ 54. Ke4 Rg1 55. d5 Rxg5 56. d6 Rg1 57. d7 Rd1 58. Nd4 f5+ 59. Kxf5 Rf1+ 60. Ke6 Rf8 61. Nc6 Kg7 62. d8Q Rxd8 63. Nxd8 Kxh6 64. e4 Kg7 65. e5 1-0

[Event "Budapest FS11 FM-B"]
[Site "Budapest"]
[Date "2014.11.05"]
[Round "5"]
[White "Ambrus, Ferenc"]
[Black "Szabo, Miklos Istvan"]
[Result "0-1"]
[WhiteElo "1397"]
[BlackElo "1332"]
[PlyCount "62"]
[EventDate "2014.11.01"]
[EventType "tourn"]
[EventRounds "9"]
[EventCountry "HUN"]
[SourceTitle "EXT 2015"]
[Source "ChessBase"]
[SourceDate "2014.11.20"]
[SourceVersion "1"]
[SourceVersionDate "2014.11.20"]
[SourceQuality "1"]

1. e4 d6 2. Bc4 Nf6 3. d3 g6 4. Nc3 Bg7 5. h3 0-0 6. Be3 c6 7. a3 Nbd7 8. Qd2 b5 9. Ba2 a5 10. Nce2 Bb7 11. f4 e5 12. f5 d5 13. g4 dxe4 14. fxg6 hxg6 15. Ng3 exd3 16. Qxd3 c5 17. Qxg6 c4 18. Qf5 Bxh1 19. Nxh1 Nd5 20. Bg5 Qb6 21. 0-0-0 Qc6 22. c3 Nc5 23. Nf3 Nd3+ 24. Rxd3 cxd3 25. Qxd3 Nf4 26. Qf1 b4 27. c4 bxa3 28. Be7 axb2+ 29. Kxb2 e4+ 30. Ka3 Rfb8 31. Ng5 Bb2# 0-1

[Event "Budapest FS11 FM-B"]
[Site "Budapest"]
[Date "2014.11.03"]
[Round "3"]
[White "Szlenka, Attila"]
[Black "Szabo, Miklos Istvan"]
[Result "1-0"]
[WhiteElo "1757"]
[BlackElo "1332"]
[PlyCount "93"]
[EventDate "2014.11.01"]
[EventType "tourn"]
[EventRounds "9"]
[EventCountry "HUN"]
[SourceTitle "EXT 2015"]
[Source "ChessBase"]
[SourceDate "2014.11.20"]
[SourceVersion "1"]
[SourceVersionDate "2014.11.20"]
[SourceQuality "1"]

1. Nf3 d5 2. g3 Nf6 3. Bg2 c5 4. 0-0 Nc6 5. d3 e5 6. c3 Be7 7. Qc2 0-0 8. a3 h6 9. b4 a6 10. Nbd2 Be6 11. Bb2 Rc8 12. Qa4 Qd7 13. Rfe1 d4 14. cxd4 cxd4 15. Nc4 Bxc4 16. dxc4 Qe6 17. Rac1 Nd7 18. Nd2 Nb6 19. Qb3 f5 20. c5 Qxb3 21. Nxb3 Na4 22. Ba1 Rcd8 23. Bxc6 bxc6 24. Na5 Rf6 25. Red1 g5 26. e3 Nc3 27. Bxc3 dxc3 28. Rxd8+ Bxd8 29. Nc4 Bc7 30. Rxc3 Kf7 31. Rd3 Ke7 32. Nb6 Bxb6 33. cxb6 Rf8 34. a4 Rb8 35. a5 Rb7 36. Kf1 Rb8 37. Ke2 Rb7 38. Kd2 Rb8 39. Kc3 e4 40. Rd4 Rb7 41. Kc4 Rd7 42. Rxd7+ Kxd7 43. Kc5 h5 44. b7 Kc7 45. b8Q+ Kxb8 46. Kxc6 Ka7 47. Kc7 1-0

[Event "Budapest FS09 FM-B"]
[Site "Budapest"]
[Date "2014.09.16"]
[Round "11"]
[White "Jorge, Rita Maria Osorio"]
[Black "Szabo, Miklos Istvan"]
[Result "1-0"]
[WhiteElo "1693"]
[BlackElo "1331"]
[PlyCount "44"]
[EventDate "2014.09.06"]
[EventType "tourn"]
[EventRounds "11"]
[EventCountry "HUN"]
[SourceTitle "CBM 162 Extra"]
[Source "ChessBase"]
[SourceDate "2014.10.17"]
[SourceVersion "1"]
[SourceVersionDate "2014.10.17"]
[SourceQuality "1"]

1. e4 c5 2. Nf3 Nc6 3. d4 cxd4 4. Nxd4 g6 5. Bc4 Bg7 6. Be3 Nf6 7. Nc3 a6 8. a4 Ne5 9. Be2 d6 10. h3 Bd7 11. a5 Rc8 12. Nb3 Nc4 13. Bxc4 Rxc4 14. Nd2 Rxc3 15. bxc3 Qc7 16. Ra3 Bb5 17. c4 Bc6 18. Bd4 e5 19. Bb6 Qe7 20. Qf3 0-0 21. 0-0 d5 22. cxd5 Qxa3 1-0

[Event "Budapest FS09 FM-B"]
[Site "Budapest"]
[Date "2014.09.14"]
[Round "9"]
[White "Ongut, Tamas Gunes"]
[Black "Szabo, Miklos Istvan"]
[Result "1-0"]
[WhiteElo "1623"]
[BlackElo "1331"]
[PlyCount "53"]
[EventDate "2014.09.06"]
[EventType "tourn"]
[EventRounds "11"]
[EventCountry "HUN"]
[SourceTitle "CBM 162 Extra"]
[Source "ChessBase"]
[SourceDate "2014.10.17"]
[SourceVersion "1"]
[SourceVersionDate "2014.10.17"]
[SourceQuality "1"]

1. e4 e6 2. d4 d5 3. Nc3 Bb4 4. e5 Nd7 5. a3 Bxc3+ 6. bxc3 c5 7. Ne2 Ne7 8. f4 f6 9. Be3 Nf5 10. Bf2 c4 11. g3 Qa5 12. Bh3 Nf8 13. Qd2 Bd7 14. 0-0 h5 15. Rfe1 Nh7 16. Bxf5 exf5 17. Kg2 Qd8 18. Ng1 0-0 19. e6 Qe7 20. exd7 Qxd7 21. Nf3 Qf7 22. Re2 g5 23. fxg5 Nxg5 24. Nxg5 fxg5 25. Qxg5+ Kh8 26. Re7 Rg8 27. Qh6+ 1-0

[Event "Budapest FS09 FM-B"]
[Site "Budapest"]
[Date "2014.09.09"]
[Round "4"]
[White "Szabo, Miklos Istvan"]
[Black "Alkire, Brian James"]
[Result "1/2-1/2"]
[WhiteElo "1331"]
[BlackElo "1459"]
[PlyCount "113"]
[EventDate "2014.09.06"]
[EventType "tourn"]
[EventRounds "11"]
[EventCountry "HUN"]
[SourceTitle "CBM 162 Extra"]
[Source "ChessBase"]
[SourceDate "2014.10.17"]
[SourceVersion "1"]
[SourceVersionDate "2014.10.17"]
[SourceQuality "1"]

1. e4 c5 2. Nc3 d6 3. g3 Nf6 4. Bg2 Nc6 5. Nf3 e5 6. d3 Be7 7. 0-0 0-0 8. h3 a6 9. Ne2 b5 10. c3 Bd7 11. Nh4 Nh5 12. Nf5 Rc8 13. g4 Nf6 14. Neg3 Kh8 15. g5 Ng8 16. f4 exf4 17. Bxf4 Be6 18. h4 Ne5 19. Be3 f6 20. Nxe7 Qxe7 21. Qe2 Ng6 22. gxf6 Nxf6 23. h5 Ne5 24. Bg5 Rf7 25. Rf4 Rcf8 26. d4 cxd4 27. cxd4 Qa7 28. Nf5 Bxf5 29. exf5 Re7 30. Re4 Nxe4 31. Bxe7 Qxd4+ 32. Kh2 Rxf5 33. Qxe4 Rxh5+ 34. Kg3 Qxe4 35. Bxe4 Nc4 36. Rf1 g6 37. Bf6+ Kg8 38. b3 Nd2 39. Re1 Nxe4+ 40. Rxe4 Kf7 41. Bc3 Rd5 42. Bd4 h5 43. Kh4 Rf5 44. Be3 Re5 45. Rxe5 dxe5 46. Kg5 Ke6 47. Kxg6 h4 48. Bg1 h3 49. Kg5 e4 50. Kf4 Kd5 51. Ke3 a5 52. Bh2 a4 53. bxa4 bxa4 54. a3 Kc4 55. Kxe4 Kb3 56. Kf3 Kxa3 57. Kg3 1/2-1/2

[Event "Budapest FS09 FM-B"]
[Site "Budapest"]
[Date "2014.09.06"]
[Round "1"]
[White "Szabo, Miklos Istvan"]
[Black "Steer, Jozsef"]
[Result "0-1"]
[WhiteElo "1331"]
[BlackElo "1873"]
[PlyCount "46"]
[EventDate "2014.09.06"]
[EventType "tourn"]
[EventRounds "11"]
[EventCountry "HUN"]
[SourceTitle "CBM 162 Extra"]
[Source "ChessBase"]
[SourceDate "2014.10.17"]
[SourceVersion "1"]
[SourceVersionDate "2014.10.17"]
[SourceQuality "1"]

1. e4 c6 2. c4 d6 3. Nc3 g6 4. d4 Bg7 5. Be2 a6 6. a3 Nd7 7. f4 b5 8. Nf3 Bb7 9. 0-0 e6 10. Rb1 Ne7 11. Be3 0-0 12. Qd2 Rc8 13. c5 Qc7 14. b4 Rfd8 15. Rbd1 dxc5 16. bxc5 Nxc5 17. Qc2 Nd7 18. Bd3 c5 19. Qf2 cxd4 20. Bxd4 Bxd4 21. Qxd4 Qxc3 22. Qd6 Qc5+ 23. Qxc5 Nxc5 0-1

[Event "Budapest FS07 FM-B"]
[Site "Budapest"]
[Date "2014.07.10"]
[Round "6"]
[White "Szabo, Miklos Istvan"]
[Black "Ongut, Tamas Gunes"]
[Result "0-1"]
[WhiteElo "1322"]
[BlackElo "1591"]
[PlyCount "72"]
[EventDate "2014.07.05"]
[EventType "tourn"]
[EventRounds "11"]
[EventCountry "HUN"]
[SourceTitle "CBM 161 Extra"]
[Source "ChessBase"]
[SourceDate "2014.08.29"]
[SourceVersion "1"]
[SourceVersionDate "2014.08.29"]
[SourceQuality "1"]

1. d4 Nf6 2. c4 g6 3. Nf3 Bg7 4. Nc3 d6 5. Bg5 0-0 6. e3 c5 7. Be2 Qa5 8. Qc2 Bf5 9. Qa4 Qb6 10. Qb5 Qxb5 11. Nxb5 Nc6 12. a3 Ne4 13. Nc3 Nxg5 14. Nxg5 cxd4 15. exd4 Nxd4 16. 0-0 Nxe2+ 17. Nxe2 Bxb2 18. Ra2 Bf6 19. Nf3 Rac8 20. Nf4 Rxc4 21. Nd5 Kg7 22. Nxf6 Kxf6 23. h4 Rfc8 24. Ng5 Rxh4 25. f4 h6 26. g3 Rg4 27. Raf2 hxg5 28. fxg5+ Kxg5 29. Kh2 Rc3 30. Rf3 Rc2+ 31. Kg1 Be4 32. R3f2 Rxg3+ 33. Kh2 Rxf2+ 34. Rxf2 Rg2+ 35. Rxg2+ Bxg2 36. Kxg2 b5 0-1

[Event "Budapest FS07 FM-B"]
[Site "Budapest"]
[Date "2014.07.09"]
[Round "5"]
[White "Hoel, Haakon"]
[Black "Szabo, Miklos Istvan"]
[Result "1-0"]
[WhiteElo "1862"]
[BlackElo "1322"]
[PlyCount "48"]
[EventDate "2014.07.05"]
[EventType "tourn"]
[EventRounds "11"]
[EventCountry "HUN"]
[SourceTitle "CBM 161 Extra"]
[Source "ChessBase"]
[SourceDate "2014.08.29"]
[SourceVersion "1"]
[SourceVersionDate "2014.08.29"]
[SourceQuality "1"]

1. e4 c5 2. Nf3 d6 3. Bb5+ Bd7 4. Bxd7+ Nxd7 5. 0-0 Ngf6 6. Re1 Qc7 7. c3 e6 8. d4 d5 9. exd5 Nxd5 10. c4 Nf4 11. d5 Bd6 12. g3 Ng6 13. dxe6 Nde5 14. exf7+ Kxf7 15. Nc3 Rae8 16. Nb5 Qc6 17. Nxd6+ Qxd6 18. Nxe5+ Rxe5 19. Qxd6 Rxe1+ 20. Kg2 Rhe8 21. b3 b6 22. Bb2 R1e6 23. Qd3 Re4 24. Rd1 Ne5 1-0

[Event "Budapest FS07 FM-B"]
[Site "Budapest"]
[Date "2014.07.06"]
[Round "2"]
[White "Szabo, Miklos Istvan"]
[Black "Szlenka, Attila"]
[Result "0-1"]
[WhiteElo "1322"]
[BlackElo "1800"]
[PlyCount "109"]
[EventDate "2014.07.05"]
[EventType "tourn"]
[EventRounds "11"]
[EventCountry "HUN"]
[SourceTitle "CBM 161 Extra"]
[Source "ChessBase"]
[SourceDate "2014.08.29"]
[SourceVersion "1"]
[SourceVersionDate "2014.08.29"]
[SourceQuality "1"]

1. d4 Nf6 2. c4 g6 3. Nc3 Bg7 4. e4 d6 5. Nf3 0-0 6. Be2 Nbd7 7. 0-0 e5 8. d5 Nc5 9. Qc2 a5 10. b3 Ne8 11. Bg5 f6 12. Be3 f5 13. Bg5 Nf6 14. Nd2 f4 15. h4 h6 16. Bxf6 Bxf6 17. h5 g5 18. Qd1 Bd7 19. Na4 Nxa4 20. bxa4 b6 21. Nb1 Qc8 22. Nc3 Kh7 23. Kh2 g4 24. Rh1 Rg8 25. Qd3 Rg5 26. Kg1 Qe8 27. g3 f3 28. Bxf3 gxf3 29. Qxf3 Qe7 30. Rh4 Rf8 31. Qd3 Rfg8 32. Kh2 R5g7 33. Rf4 Bg5 34. Rf5 Bxf5 35. exf5 Bf6 36. Ne4 Qf7 37. Kg2 Rg4 38. Rh1 Rxe4 39. Qxe4 Qe8 40. Rh4 Bxh4 41. f6+ Kh8 42. Qxh4 Rg5 43. Qh3 Kg8 44. g4 Kf7 45. Qd3 e4 46. Qd1 Kxf6 47. f4 exf3+ 48. Qxf3+ Kg7 49. Qc3+ Qe5 50. Qb3 Rxg4+ 51. Kf1 Qxh5 52. Qb2+ Qe5 53. Qb3 Rg3 54. Qb1 Qf4+ 55. Ke1 0-1

[Event "Budapest FS07 FM-B"]
[Site "Budapest"]
[Date "2014.07.05"]
[Round "1"]
[White "Cimpean, Andra"]
[Black "Szabo, Miklos Istvan"]
[Result "1-0"]
[WhiteElo "1642"]
[BlackElo "1322"]
[PlyCount "73"]
[EventDate "2014.07.05"]
[EventType "tourn"]
[EventRounds "11"]
[EventCountry "HUN"]
[SourceTitle "CBM 161 Extra"]
[Source "ChessBase"]
[SourceDate "2014.08.29"]
[SourceVersion "1"]
[SourceVersionDate "2014.08.29"]
[SourceQuality "1"]

1. e4 c5 2. c3 Nc6 3. d4 cxd4 4. cxd4 e6 5. Nf3 Bb4+ 6. Nc3 d5 7. e5 Nge7 8. Bd3 Nf5 9. Bxf5 exf5 10. Bg5 Qa5 11. Bd2 g5 12. a3 Bxc3 13. Bxc3 Qd8 14. h3 g4 15. hxg4 fxg4 16. Nh4 f5 17. g3 Qb6 18. Qd2 Bd7 19. Rc1 a5 20. Ng2 Nd8 21. Nf4 Qb3 22. Bxa5 Qf3 23. Rh4 Ra6 24. Bxd8 Kxd8 25. Qe3 Rc6 26. Rxc6 bxc6 27. Qxf3 gxf3 28. Nd3 Rg8 29. Rxh7 Rg4 30. Nc5 Re4+ 31. Nxe4 fxe4 32. Rxd7+ Kxd7 33. b4 Kc7 34. g4 Kb6 35. g5 Kb5 36. g6 Kc4 37. g7 1-0

[Event "Budapest Spring op 30th"]
[Site "Budapest"]
[Date "2014.03.19"]
[Round "6"]
[White "Horvath, Lajos4"]
[Black "Szabo, Miklos Istvan"]
[Result "1-0"]
[WhiteElo "1565"]
[BlackElo "1332"]
[PlyCount "63"]
[EventDate "2014.03.14"]
[EventType "swiss"]
[EventRounds "9"]
[EventCountry "HUN"]
[SourceTitle "CBM 159 Extra"]
[Source "ChessBase"]
[SourceDate "2014.04.24"]
[SourceVersion "1"]
[SourceVersionDate "2014.04.24"]
[SourceQuality "1"]

1. e4 c5 2. Bc4 e6 3. Nc3 Nc6 4. a3 Nf6 5. d3 d5 6. exd5 exd5 7. Ba2 Be7 8. Nf3 Be6 9. 0-0 Qd7 10. Re1 0-0-0 11. Bf4 Nh5 12. Ne5 Nxe5 13. Bxe5 Nf6 14. Bb3 Qe8 15. Ba4 Bd7 16. Bb3 Be6 17. a4 c4 18. Ba2 Qc6 19. Nb5 Qb6 20. d4 Ne8 21. b3 Bb4 22. c3 Be7 23. bxc4 dxc4 24. Rb1 Qa6 25. Rb2 f6 26. Bg3 h5 27. Qe2 h4 28. Bf4 g5 29. Bd2 Ng7 30. Bxc4 Bxc4 31. Qxc4+ Kd7 32. Qc7+ 1-0

[Event "Budapest Spring op 30th"]
[Site "Budapest"]
[Date "2014.03.18"]
[Round "5"]
[White "Szlenka, Attila"]
[Black "Szabo, Miklos Istvan"]
[Result "1-0"]
[WhiteElo "1804"]
[BlackElo "1332"]
[PlyCount "77"]
[EventDate "2014.03.14"]
[EventType "swiss"]
[EventRounds "9"]
[EventCountry "HUN"]
[SourceTitle "CBM 159 Extra"]
[Source "ChessBase"]
[SourceDate "2014.04.24"]
[SourceVersion "1"]
[SourceVersionDate "2014.04.24"]
[SourceQuality "1"]

1. Nf3 d5 2. g3 c6 3. Bg2 Nf6 4. d3 e5 5. Nxe5 Bd6 6. Nf3 Bg4 7. 0-0 Qd7 8. Re1 0-0 9. Nbd2 Na6 10. c4 Rfe8 11. cxd5 cxd5 12. Nb3 Rac8 13. Bd2 Nb4 14. Bc3 Bxf3 15. Bxf3 Nc6 16. Qd2 Be5 17. Bxe5 Nxe5 18. Bg2 d4 19. Rec1 b6 20. Rxc8 Rxc8 21. h3 h6 22. Rc1 Rxc1+ 23. Qxc1 Qa4 24. Kh2 Qxa2 25. Nxd4 g5 26. f4 gxf4 27. Qxf4 Nfd7 28. Qxh6 Ng6 29. Qc1 Qa4 30. Nf5 Qb5 31. e4 Nc5 32. d4 Nxe4 33. Bxe4 Qe2+ 34. Bg2 Qd3 35. Qc8+ Kh7 36. Qd7 Ne5 37. Qd5 a5 38. dxe5 Qxd5 39. Bxd5 1-0

[Event "Budapest Spring op 30th"]
[Site "Budapest"]
[Date "2014.03.15"]
[Round "2"]
[White "Polyanszky Tamasi, Zoltan"]
[Black "Szabo, Miklos Istvan"]
[Result "1-0"]
[WhiteElo "1799"]
[BlackElo "1332"]
[PlyCount "51"]
[EventDate "2014.03.14"]
[EventType "swiss"]
[EventRounds "9"]
[EventCountry "HUN"]
[SourceTitle "CBM 159 Extra"]
[Source "ChessBase"]
[SourceDate "2014.04.24"]
[SourceVersion "1"]
[SourceVersionDate "2014.04.24"]
[SourceQuality "1"]

1. c4 Nf6 2. g3 g6 3. Bg2 Bg7 4. Nc3 c6 5. e4 d6 6. Nge2 0-0 7. 0-0 Nbd7 8. d3 e5 9. h3 Nc5 10. f4 Qb6 11. Kh2 Rb8 12. f5 h6 13. g4 g5 14. Rb1 a5 15. Rf3 h5 16. Bxg5 hxg4 17. Rg3 Kh7 18. h4 Nh5 19. Rxg4 f6 20. Be3 Bh6 21. Na4 Qb4 22. Bxh6 Kxh6 23. Rg6+ Kh7 24. Qc1 Nf4 25. Nxf4 Qxa4 26. Nd5 1-0

[Event "Budapest FS11 FM-B"]
[Site "Budapest"]
[Date "2013.11.08"]
[Round "6"]
[White "Karacsonyi, Gellert"]
[Black "Szabo, Miklos Istvan"]
[Result "1-0"]
[WhiteElo "1782"]
[BlackElo "1315"]
[PlyCount "71"]
[EventDate "2013.11.02"]
[EventType "tourn"]
[EventRounds "11"]
[EventCountry "HUN"]
[SourceTitle "EXT 2015"]
[Source "ChessBase"]
[SourceDate "2014.11.20"]
[SourceVersion "1"]
[SourceVersionDate "2014.11.20"]
[SourceQuality "1"]

1. e4 c5 2. Nf3 Nc6 3. d4 cxd4 4. Nxd4 e6 5. Nc3 a6 6. Be3 Bc5 7. Nxc6 dxc6 8. Qxd8+ Kxd8 9. Bxc5 e5 10. 0-0-0+ Kc7 11. Bd6+ Kb6 12. Na4+ Ka7 13. Bxe5 f6 14. Bd4+ Kb8 15. Nb6 Ne7 16. Nxa8 Kxa8 17. Bc5 Ng6 18. Bb6 Be6 19. Rd8+ Rxd8 20. Bxd8 Ka7 21. g3 h5 22. f4 Bg4 23. Bg2 Nf8 24. h3 Be6 25. a4 Bc4 26. a5 Ne6 27. Bb6+ Kb8 28. Rd1 g6 29. f5 gxf5 30. exf5 h4 31. fxe6 Bxe6 32. Bf3 Bc8 33. Rd8 hxg3 34. Bg4 f5 35. Bxf5 g2 36. Rxc8# 1-0

[Event "Budapest FS11 FM-B"]
[Site "Budapest"]
[Date "2013.11.07"]
[Round "5"]
[White "Szabo, Miklos Istvan"]
[Black "Szonyi, Bence"]
[Result "1/2-1/2"]
[WhiteElo "1315"]
[BlackElo "1660"]
[PlyCount "78"]
[EventDate "2013.11.02"]
[EventType "tourn"]
[EventRounds "11"]
[EventCountry "HUN"]
[SourceTitle "EXT 2015"]
[Source "ChessBase"]
[SourceDate "2014.11.20"]
[SourceVersion "1"]
[SourceVersionDate "2014.11.20"]
[SourceQuality "1"]

1. e4 c5 2. Nc3 e6 3. Bc4 d6 4. Nf3 Be7 5. 0-0 Nf6 6. Re1 Nc6 7. d4 cxd4 8. Nxd4 0-0 9. a3 e5 10. Nf3 Bg4 11. h3 Bh5 12. Qd3 a6 13. Bd2 b5 14. Bb3 Bxf3 15. Qxf3 Nd4 16. Qd3 Nxb3 17. cxb3 h6 18. f4 exf4 19. Bxf4 b4 20. Nd5 Nxd5 21. Qxd5 Rc8 22. Rac1 Qb6+ 23. Kh1 Rxc1 24. Rxc1 Qf2 25. Qd2 Qxd2 26. Bxd2 bxa3 27. bxa3 d5 28. exd5 Bxa3 29. Ra1 Bc5 30. b4 Be7 31. Rxa6 Rd8 32. Ra5 Rb8 33. b5 Bd8 34. Ra6 Kh7 35. Ba5 Bxa5 36. Rxa5 Rb6 37. Ra7 Rxb5 38. d6 Rd5 39. Rxf7 Rxd6 1/2-1/2

[Event "Budapest FS09 FM-B"]
[Site "Budapest"]
[Date "2013.09.15"]
[Round "7"]
[White "Szabo, Miklos Istvan"]
[Black "Karacsonyi, Gellert"]
[Result "0-1"]
[WhiteElo "1321"]
[BlackElo "1737"]
[PlyCount "54"]
[EventDate "2013.09.07"]
[EventType "tourn"]
[EventRounds "9"]
[EventCountry "HUN"]
[SourceTitle "CBM 156 Extra"]
[Source "ChessBase"]
[SourceDate "2013.10.22"]
[SourceVersion "1"]
[SourceVersionDate "2013.10.22"]
[SourceQuality "1"]

1. e4 e6 2. d4 d5 3. exd5 exd5 4. Bd3 Bd6 5. Nc3 c6 6. Nge2 Qf6 7. Be3 Bf5 8. Qd2 Bxd3 9. Qxd3 Ne7 10. 0-0-0 b5 11. Nxb5 cxb5 12. Qxb5+ Nd7 13. Rd3 Rb8 14. Qa6 0-0 15. Rc3 Nb6 16. h4 Nc4 17. Bg5 Bf4+ 18. Nxf4 Qxa6 19. Bxe7 Qxa2 20. Rxc4 dxc4 21. Bxf8 Qa1+ 22. Kd2 Qxh1 23. Ba3 Qxh4 24. g3 Qf6 25. c3 a5 26. Nh3 Re8 27. Bc5 Qf5 0-1

[Event "Budapest FS09 FM-B+"]
[Site "Budapest"]
[Date "2013.09.09"]
[Round "2"]
[White "Brassoi Tarnovszki, Aurel"]
[Black "Szabo, Miklos Istvan"]
[Result "0-1"]
[WhiteElo "1609"]
[BlackElo "1321"]
[PlyCount "88"]
[EventDate "2013.09.07"]
[EventType "tourn"]
[EventRounds "9"]
[EventCountry "HUN"]
[SourceTitle "CBM 156 Extra"]
[Source "ChessBase"]
[SourceDate "2013.10.22"]
[SourceVersion "1"]
[SourceVersionDate "2013.10.22"]
[SourceQuality "1"]

1. e4 c5 2. Nf3 d6 3. d4 cxd4 4. Nxd4 Nf6 5. Nc3 a6 6. Bg5 e6 7. f4 Be7 8. Qf3 Qb6 9. 0-0-0 Nc6 10. Nb3 0-0 11. f5 Ne5 12. Qf4 Rd8 13. Bd3 Bd7 14. h4 Neg4 15. Rdf1 h6 16. Rh3 Bc6 17. Rg3 Ne5 18. Bxh6 Nh5 19. Rxg7+ Nxg7 20. Bxg7 Kxg7 21. f6+ Bxf6 22. Qxf6+ Kg8 23. h5 Qe3+ 24. Nd2 Kh7 25. Kd1 Rg8 26. Nc4 Qg5 27. Nxe5 dxe5 28. Qxf7+ Kh8 29. Qxe6 Qxh5+ 30. Be2 Rad8+ 31. Kc1 Qg5+ 32. Kb1 Rg6 33. Rh1+ Kg7 34. Qh3 Rh6 35. Qxh6+ Qxh6 36. Rxh6 Kxh6 37. b3 Kg5 38. Bf3 Kf4 39. Nd5+ Bxd5 40. exd5 e4 41. Be2 Rxd5 42. Kc1 Ke3 43. Bg4 Kf2 44. c4 Rd8 0-1

[Event "Budapest FS06 FM-B"]
[Site "Budapest"]
[Date "2013.06.10"]
[Round "10"]
[White "Szabo, Miklos Istvan"]
[Black "Takacs, Zsolt Otto"]
[Result "0-1"]
[WhiteElo "1322"]
[BlackElo "1830"]
[PlyCount "87"]
[EventDate "2013.06.01"]
[EventType "tourn"]
[EventRounds "11"]
[EventCountry "HUN"]
[SourceTitle "CBM 154 Extra"]
[Source "ChessBase"]
[SourceDate "2013.06.25"]
[SourceVersion "2"]
[SourceVersionDate "2013.06.25"]
[SourceQuality "1"]

1. e4 c5 2. Nc3 Nc6 3. g3 g6 4. Bg2 Bg7 5. Nge2 e6 6. d3 a6 7. 0-0 Nge7 8. Be3 Nd4 9. Qd2 0-0 10. Bh6 Bxh6 11. Qxh6 Nxc2 12. Rad1 Nc6 13. Kh1 Qf6 14. f4 Ne3 15. e5 Qg7 16. Qh4 Nxd1 17. Rxd1 f6 18. exf6 Qxf6 19. Qh6 d5 20. Na4 Nd4 21. Ng1 Nf5 22. Qh3 Ne3 23. Rd2 Nxg2 24. Qxg2 Qd4 25. Nc3 Bd7 26. Nf3 Qf6 27. Ne5 Bc6 28. d4 cxd4 29. Rxd4 Rac8 30. Kg1 b5 31. Nb1 Be8 32. Qd2 Qf5 33. Nc3 h5 34. Kf2 Qxe5 35. Kf3 Rc4 36. Ne2 Rxd4 37. Nxd4 Qe4+ 38. Kf2 Bd7 39. Nb3 Rc8 40. Na1 d4 41. Qb4 Qe3+ 42. Kg2 Qe4+ 43. Kh3 e5+ 44. Kh4 0-1

[Event "Budapest FS06 FM-B"]
[Site "Budapest"]
[Date "2013.06.08"]
[Round "8"]
[White "Szabo, Miklos Istvan"]
[Black "Lukacs, Albert"]
[Result "0-1"]
[WhiteElo "1322"]
[BlackElo "1917"]
[PlyCount "70"]
[EventDate "2013.06.01"]
[EventType "tourn"]
[EventRounds "11"]
[EventCountry "HUN"]
[SourceTitle "CBM 154 Extra"]
[Source "ChessBase"]
[SourceDate "2013.06.25"]
[SourceVersion "2"]
[SourceVersionDate "2013.06.25"]
[SourceQuality "1"]

1. d4 d5 2. Nf3 Nf6 3. c4 e6 4. Nc3 a6 5. Bg5 Bb4 6. e3 0-0 7. Qc2 Nc6 8. Be2 h6 9. Bh4 dxc4 10. Bxc4 b5 11. Bd3 Bb7 12. 0-0 Be7 13. a3 Ng4 14. Bxe7 Qxe7 15. h3 Nf6 16. e4 b4 17. Na4 Rfd8 18. Nc5 Bc8 19. Nxe6 Qxe6 20. d5 Qd7 21. e5 Nxd5 22. Bh7+ Kf8 23. Qc5+ Nde7 24. axb4 Qd5 25. Qc2 Bd7 26. Rfd1 Qb5 27. Bd3 Qb6 28. Qc4 Be6 29. Qe4 Bf5 30. Qc4 Bxd3 31. Rxd3 Qb5 32. Rxd8+ Rxd8 33. Qe4 Qd5 34. Qxd5 Nxd5 35. Rxa6 Ncxb4 0-1